00948nam a2200253Ia 450000500170000000800410001702000150005808200220007310000220009524501260011725000190024330000270026265000270028965000380031665000530035465000490040765000390045670000370049526400390053233600270057133700330059833800280063104000350065920220317000807.0160601s2005 ck g 000 0 spa  a958947559004a305.8960861 bC651 aRestrepo, Eduardo10aConflicto e (in)visibilidad bretos en los estudios de la gente negra en Colombia ceditores Eduardo Restrepo, Axel Rojas a2a. edición  a352 páginas c22 cm 142LEMBaNegroszColombia142LEMBaConflicto armado zColombia142LEMBaDesplazados xAspectos SocialeszColombia 142LEMBaNegroxCondiciones sociales zColombia142LEMBaEtnologíavInvestigaciones1 aRojas Martínez, Axel Alejandro aCali bUniversidad del Caucac2005 atextobtxt2rdacontent asin mediaciónbn2rdamedia avolumenbnc2rdacarrier aCO-BoRNBPbspaerdacCO-BoRNBP